000 00713nam a2200277Ia 4500
003 OSt
005 20220912150216.0
006 a|||||r|||| 00| 0
007 ta
008 220909b |||||||| |||| 00| 0 eng d
024 _a53626
037 _cTextual
040 _aCSL
_beng
_cCSL
041 _aeng
082 _aJ372, J7
100 _aHume H Harold
245 0 _aCitrus fruits
260 _aNew York
_b Macmillan
_c1957
300 _axxi, 444p.
_ccm.
500 _aPublished previously as cultivation of citrus fruits
650 _a Citrus fruits
650 _a Orange
650 _aAgriculture
942 _hJ372, J7
_cTEXL
_2CC
999 _c41958
_d41958